Countries of the World Quiz By last 2 letters in 3 minutes - Statistics

General Stats
  • This quiz has been taken 6 times
  • The average score is 169 of 196
Answers on the Map
Answers color-coded by a green-red scale on the quiz's map according to % correct below.
 
Answer Stats
Country % Correct
ad
100%
al
100%
an
100%
ay
100%
ca
100%
ce
100%
co
100%
da
100%
ds
100%
ea
100%
el
100%
en
100%
es
100%
ey
100%
go
100%
ia
100%
ic
100%
il
100%
in
100%
la
100%
le
100%
ly
100%
na
100%
nd
100%
om
100%
or
100%
os
100%
pe
100%
rk
100%
am
67%
aq
67%
ar
67%
au
67%
ba
67%
de
67%
di
67%
er
67%
ho
67%
ka
67%
li
67%
ma
67%
me
67%
ne
67%
ni
67%
ny
67%
oa
67%
on
67%
pt
67%
rg
67%
ro
67%
ru
67%
ry
67%
sh
67%
so
67%
st
67%
ta
67%
ti
67%
ua
67%
ue
67%
um
67%
us
67%
va
67%
vo
67%
we
67%
wi
67%
ya
67%
as
33%
ga
33%
it
33%
no
33%
ra
33%
re
33%
ty
33%
ze
33%
ei
0%
is
0%
ji
0%
lu
0%
tu
0%
No matching quizzes found
Score Distribution
Percent of People with Each Score
Percentile by Number Answered
Your Score History
You have not taken this quiz